Traditional practices of agroforestry in svay teap district, svay rieng province ការអនុវត្តន៏កសិរុក្ខកម្មបែបប្រពៃណីនៅក្នុងស្រុកស្វាយទៀប ខេត្តស្វាយរៀង (Record no. 652)
[ view plain ]
| 000 -LEADER | |
|---|---|
| fixed length control field | 00641nam a22001577a 4500 |
| 003 - CONTROL NUMBER IDENTIFIER | |
| control field | OSt |
| 005 - DATE AND TIME OF LATEST TRANSACTION | |
| control field | 20150917140453.0 |
| 008 - FIXED-LENGTH DATA ELEMENTS--GENERAL INFORMATION | |
| fixed length control field | 150917b xxu||||| |||| 00| 0 eng d |
| 040 ## - CATALOGING SOURCE | |
| Transcribing agency | RUA |
| 082 ## - DEWEY DECIMAL CLASSIFICATION NUMBER | |
| Classification number | AGR SEN 2000 B026 Or.1 |
| 100 ## - MAIN ENTRY--PERSONAL NAME | |
| 9 (RLIN) | 677 |
| Personal name | SENG SOPHAK |
| 245 ## - TITLE STATEMENT | |
| Title | Traditional practices of agroforestry in svay teap district, svay rieng province ការអនុវត្តន៏កសិរុក្ខកម្មបែបប្រពៃណីនៅក្នុងស្រុកស្វាយទៀប ខេត្តស្វាយរៀង |
| 260 ## - PUBLICATION, DISTRIBUTION, ETC. (IMPRINT) | |
| Place of publication, distribution, etc. | Phnom Penh |
| Name of publisher, distributor, etc. | RUA |
| Date of publication, distribution, etc. | 2000 |
| 300 ## - PHYSICAL DESCRIPTION | |
| Extent | 43p. |
| Other physical details | ill. |
| Dimensions | 29cm. |
| 942 ## - ADDED ENTRY ELEMENTS (KOHA) | |
| Source of classification or shelving scheme | |
| Koha item type | AGR |
| Price effective from | Date last seen | Permanent Location | Not for loan | Date acquired | Date last checked out | Source of classification or shelving scheme | Total Checkouts | Koha item type | Barcode | Lost status | Damaged status | Withdrawn status | Current Location | Full call number |
|---|---|---|---|---|---|---|---|---|---|---|---|---|---|---|
| 2015-09-17 | 2015-09-17 | Library Block B | 2015-09-17 | AGR | RUA001645 | Library Block B | AGR SEN 2000 B026 Or.1 | |||||||
| 2015-09-17 | 2015-09-17 | Library Block B | 2015-09-17 | AGR | RUA001639 | Library Block B | AGR SEN 2000 B026 Or.2 | |||||||
| 2015-09-17 | 2018-12-05 | Library Block B | 2015-09-17 | 2018-11-19 | 1 | AGR | RUA001861 | Library Block B | AGR SEN 2000 B026 Or.3 | |||||
| 2015-09-17 | 2015-09-17 | Library Block B | 2015-09-17 | AGR | RUA001987 | Library Block B | AGR SEN 2000 B026 Or.4 | |||||||
| 2015-09-17 | 2015-09-17 | Library Block B | 2015-09-17 | AGR | RUA001777 | Library Block B | AGR SEN 2000 B026 Or.5 | |||||||
| 2015-09-17 | 2015-09-17 | Library Block B | 2015-09-17 | AGR | RUA001855 | Library Block B | AGR SEN 2000 B026 Or.6 | |||||||
| 2015-09-17 | 2015-09-17 | Library Block B | 2015-09-17 | AGR | RUA001993 | Library Block B | AGR SEN 2000 B026 Or.7 | |||||||
| 2015-09-17 | 2015-09-17 | Library Block B | 2015-09-17 | AGR | RUA001921 | Library Block B | AGR SEN 2000 B026 Or.8 | |||||||
| 2015-09-17 | 2016-10-19 | Library Block B | 2015-09-17 | 2016-10-05 | 1 | AGR | RUA001711 | Library Block B | AGR SEN 2000 B026 Or.9 |